[Event "2nd Irena Warakomska Memorial-A"]
[Site "Suwalki"]
[Date "2018.08.01"]
[Round "1"]
[White "Sowul, Bartosz"]
[Black "Shtembuliak, Evgeny"]
[Result "0-1"]
[WhiteElo "2257"]
[BlackElo "2518"]
[Annotator "TA"]
[PlyCount "80"]
[EventDate "2018.08.01"]
[EventType "swiss"]
[EventCountry "POL"]
[SourceTitle "playchess.com"]
[Source "ChessBase"]
[SourceQuality "1"]

{[%evp 17,80,28,50,0,0,7,12,-1,0,-49,-40,-87,-100,-93,-79,-107,-116,-115,-110,-123,-108,-109,-101,-106,-110,-160,-173,-168,-188,-168,-156,-137,-128,-268,-254,-366,-346,-373,-377,-378,-356,-452,-410,-419,-338,-312,-332,-338,-309,-356,-356,-455,-385,-401,-364,-393,-358,-877,-797,-1200,-1145,-1278,-1201,-2171,-1823]} 1. Nf3 Nf6 2. g3 g6 3. b3 Bg7 4. Bb2 O-O 5. c4 d6 6. d4 a5 7. Nc3 Na6 8. Bg2 c6 9. O-O Rb8 {LiveBook: 5 Games. A49: 1 d4 Nf6 2 Nf3 g6 3 g3: Anti-King's Indian systems} 10. Qd2 $146 ({Predecessor:} 10. e4 Bg4 11. h3 Bxf3 12. Qxf3 Nd7 13. Rfd1 Qc7 14. Rac1 Rbd8 15. a3 e5 16. Ne2 Rfe8 17. d5 {½-½ (36) Ramirez,A (2566)-Almeida Quintana,O (2520) Merida 2017}) 10... b5 11. cxb5 cxb5 {The position is equal.} 12. d5 b4 13. Nd1 Bb7 14. Ne3 {[#]} Ne4 $1 {[%cal Re4d2]} 15. Qc2 {Strongly threatening Bxg7.} Nc3 16. Ne1 Rc8 $36 {[%mdl 2048] ...Na4! is the strong threat. Black has strong initiative.} 17. Qd2 Nc5 18. Nd3 Ba6 {Hoping for ...Nxe2+!} 19. Nxc5 Rxc5 20. Bf3 Qb6 21. Kg2 e5 22. dxe6 fxe6 {[%cal Bf7e6,Be6e5,Be5e4][%mdl 32]} 23. a3 d5 24. axb4 axb4 25. Nc2 (25. h4 $17) 25... Bb7 $19 26. Ne1 (26. Ra4 {was necessary.} Nxa4 27. Bxg7 Kxg7 28. bxa4) 26... e5 27. Kg1 e4 28. Bg2 Ba6 29. e3 Bxf1 30. Bxf1 Ra5 31. Rxa5 Qxa5 32. Nc2 Qc5 33. Bh3 Kh8 34. Be6 Rd8 35. Nd4 Bxd4 36. exd4 Qe7 37. Bg4 $2 {[#]} (37. Bh3) 37... e3 $1 {Black is clearly winning.} 38. fxe3 (38. Qxe3 Qxe3) 38... Qe4 39. Bh3 Qb1+ 40. Kg2 Rf8 {Precision: White = 39%, Black = 82%.} 0-1

[Event "2nd Irena Warakomska Memorial-A"]
[Site "Suwalki"]
[Date "2018.08.01"]
[Round "1"]
[White "Jaroch, Karol"]
[Black "Warakomski, Tomasz"]
[Result "1/2-1/2"]
[WhiteElo "2222"]
[BlackElo "2512"]
[Annotator "RC"]
[PlyCount "90"]
[EventDate "2018.08.01"]
[EventType "swiss"]
[EventCountry "POL"]
[SourceTitle "playchess.com"]
[Source "ChessBase"]
[SourceQuality "1"]
[TimeControl "40/5400+30:1800+30"]

1. c4 {[%emt 0:00:00]} e5 {[%emt 0:01:05]} 2. g3 {[%emt 0:00:01]} h5 {[%emt 0:01:54]} 3. Nf3 {[%emt 0:03:59]} e4 {[%emt 0:00:21]} 4. Nd4 {[%emt 0:00:14]} Nc6 {[%emt 0:03:45]} 5. Nxc6 {[%emt 0:00:32]} dxc6 6. Bg2 Nf6 {[%emt 0:02:56]} 7. Nc3 {[%emt 0:13:07]} Bf5 {[%emt 0:00:24]} 8. Qb3 {[%emt 0:00:27]} Rb8 {[%emt 0:03:20]} 9. O-O {[%emt 0:10:25]} Bc5 {[%emt 0:08:44]} 10. d3 {[%emt 0:11:33]} exd3 {[%emt 0:01:35]} 11. exd3 {[%emt 0:00:38]} O-O {[%emt 0:28:13]} 12. Ne4 {[%emt 0:02:21]} Nxe4 {[%emt 0:02:29]} 13. dxe4 {[%emt 0:00:16]} Be6 {[%emt 0:00:05]} 14. Be3 {[%emt 0:17:58]} Bxe3 {[%emt 0:02:48]} 15. Qxe3 {[%emt 0:00:09]} Bxc4 {[%emt 0:00:11]} 16. Rfd1 {[%emt 0:02:07]} Qf6 {[%emt 0:07:34]} 17. b3 {[%emt 0:00:39]} Ba6 {[%emt 0:01:19]} 18. Qxa7 {[%emt 0:02:28]} Rbd8 {[%emt 0:01:04]} 19. Qe3 {[%emt 0:01:11]} Rd3 {[%emt 0:14:12]} 20. e5 {[%emt 0:02:18]} Qf5 {[%emt 0:00:34]} 21. Rxd3 {[%emt 0:00:32]} Qxd3 {[%emt 0:00:06]} 22. Qg5 {[%emt 0:03:35]} Qd4 {[%emt 0:06:49]} 23. Re1 {[%emt 0:00:56]} Qc3 {[%emt 0:00:19]} 24. Rc1 {[%emt 0:08:13]} Qb2 {[%emt 0:00:35]} 25. Re1 {[%emt 0:03:12]} Qxa2 {[%emt 0:05:13]} 26. Qxh5 {[%emt 0:05:56]} Bd3 {[%emt 0:00:16]} 27. Qd1 {[%emt 0:01:56]} Bc2 {[%emt 0:03:10]} 28. Qd7 {[%emt 0:00:17]} Qa5 {[%emt 0:00:10]} 29. Re3 {[%emt 0:00:15]} Qa1+ {[%emt 0:03:40]} 30. Bf1 {[%emt 0:00:07]} Qd1 {[%emt 0:01:02]} 31. e6 {[%emt 0:04:40]} fxe6 {[%emt 0:00:13]} 32. Qxe6+ {[%emt 0:00:06]} Kh8 {[%emt 0:00:07]} 33. Qe7 {[%emt 0:00:40]} Rf6 {[%emt 0:00:55]} 34. Qxc7 {[%emt 0:01:13]} Bxb3 {[%emt 0:00:55]} 35. Qxb7 {[%emt 0:02:18]} Bc4 {[%emt 0:00:36]} 36. Qc8+ {[%emt 0:00:08]} Kh7 {[%emt 0:00:02]} 37. Qh3+ {[%emt 0:00:11]} Rh6 {[%emt 0:00:05]} 38. Qf5+ {[%emt 0:02:27]} Rg6 {[%emt 0:00:05]} 39. Qh3+ {[%emt 0:01:05]} Rh6 {[%emt 0:00:05]} 40. Qf5+ {[%emt 0:00:00]} Rg6 {[%emt 0:00:00]} 41. Rd3 Bxd3 42. Qxd3 Qh5 43. Qb1 Kh8 44. Bd3 Re6 45. Bf1 Rg6 1/2-1/2

[Event "2nd Irena Warakomska Memorial-A"]
[Site "Suwalki"]
[Date "2018.08.01"]
[Round "1"]
[White "Buraczewski, Rafal"]
[Black "Venkataraman, Karthik"]
[Result "0-1"]
[WhiteElo "2221"]
[BlackElo "2501"]
[Annotator "TA"]
[PlyCount "60"]
[EventDate "2018.08.01"]
[EventType "swiss"]
[EventCountry "POL"]
[SourceTitle "playchess.com"]
[Source "ChessBase"]
[SourceQuality "1"]

{[%evp 21,60,-29,-30,-68,-52,-38,-44,-43,-44,-88,-88,-89,-89,-89,-89,-91,-91,-86,-88,-90,-83,-90,-81,-114,-103,-109,-104,-121,-120,-215,-199,-254,-255,-283,-285,-537,-424,-558,-458,-705,-693]} 1. d4 e6 2. Nf3 c5 3. e3 Nf6 4. c4 cxd4 5. exd4 d5 6. Nc3 Bb4 7. a3 Bxc3+ 8. bxc3 O-O 9. Bd3 dxc4 10. Bxc4 Qc7 11. Qd3 b6 {LiveBook: 10 Games. B14: Caro-Kann: Panov-Botvinnik Attack with 5...e6 and 5...g6} 12. Ne5 Nbd7 13. Nxd7 Bxd7 {[%cal Bc8d7,Bd7c6,Bc6d5][%mdl 32] Black is slightly better.} 14. Bb3 $146 ({Predecessor:} 14. Ba2 Rac8 15. Bd2 Bc6 16. f3 Bd5 17. O-O Bc4 18. Bxc4 Qxc4 19. Qxc4 Rxc4 {½-½ (39) Levitt,J (2490)-Howell,J (2455) Dublin 1991}) 14... Rac8 {Threatens to win with ...Bb5!} 15. Bd2 Bc6 16. O-O {[#]} Bd5 $1 {[%cal Rd5b3]} ({Much worse is} 16... Ng4 $6 17. Qh3 $11) 17. Bxd5 Nxd5 ({Of course not} 17... exd5 18. f3 $11) 18. Rfc1 Qc4 19. Qg3 {Black should prevent Bh6.} Kh8 20. Qf3 b5 21. Qd1 Nb6 22. Rab1 a6 23. Bf4 Qd5 24. Rb4 Rfd8 25. Qg4 (25. Qc2 $17 {might work better.}) 25... Qe4 26. f3 (26. d5 $142 Qxd5 27. Rd4) 26... Qd3 $19 27. Qh4 Nd5 28. Rb3 $2 (28. Rb2 {was called for.}) 28... f6 {And now ...e5 would win.Black is clearly winning.} 29. Re1 Nxc3 {[#] Hoping for ...Ne2+.} 30. Rb2 (30. Qf2 $142 Ne2+ 31. Qxe2 Qxb3 32. Qxe6 Qxa3 33. h3) 30... Qxd4+ {Precision: White = 32%, Black = 96%.} 0-1

[Event "2nd Irena Warakomska Memorial-A"]
[Site "Suwalki"]
[Date "2018.08.01"]
[Round "1"]
[White "Zaika, Daniil"]
[Black "Nasuta, Grzegorz"]
[Result "1/2-1/2"]
[WhiteElo "2213"]
[BlackElo "2497"]
[Annotator "TA"]
[PlyCount "62"]
[EventDate "2018.08.01"]
[EventType "swiss"]
[EventCountry "POL"]
[SourceTitle "playchess.com"]
[Source "ChessBase"]
[SourceQuality "1"]

{[%evp 22,62,23,0,0,0,-2,0,11,17,20,7,32,0,8,0,0,-7,53,46,71,43,58,58,61,56,56,58,48,48,53,33,33,37,39,40,39,35,36,35,57,50,57]} 1. d4 d5 2. c4 c6 3. Nc3 Nf6 4. Nf3 dxc4 5. a4 Bf5 6. e3 e6 7. Bxc4 Bb4 8. O-O O-O 9. Qe2 Nbd7 10. e4 Bg6 11. e5 Nd5 12. Ne4 {LiveBook: 41 Games} h6 {D19: Slav Defence: 5 a4 Bf5 6 e3: Main line with 9 Qe2} 13. Bd2 Be7 14. a5 Rc8 {The position is equal.} 15. Rfd1 Re8 {[#]} 16. Bd3 $146 ({Predecessor:} 16. Rac1 a6 17. Bb3 c5 18. Ba4 cxd4 19. Rxc8 Qxc8 20. Rc1 {½-½ (47) Shcherbakov,R (2505)-Kuporosov,V (2485) Katowice 1991}) 16... a6 17. Nc3 Nf8 18. Nxd5 Qxd5 19. Bc4 Qd7 (19... Qe4 $11) 20. Bc3 $14 Bh7 21. Nd2 c5 {White is slightly better.} 22. dxc5 Bxc5 23. Ne4 Qc6 24. Nxc5 Qxc5 25. Bb3 Red8 26. Rxd8 Rxd8 27. Rd1 Rxd1+ 28. Qxd1 Be4 29. Qd4 Qxd4 30. Bxd4 Bd5 31. Bc2 Nd7 {Precision: White = 80%, Black = 53%.} 1/2-1/2

[Event "2nd Irena Warakomska Memorial-A"]
[Site "Suwalki"]
[Date "2018.08.01"]
[Round "1"]
[White "Pietruszewski, Marcin"]
[Black "Socko, Monika"]
[Result "1-0"]
[WhiteElo "2208"]
[BlackElo "2466"]
[Annotator "TA"]
[PlyCount "69"]
[EventDate "2018.08.01"]
[EventType "swiss"]
[EventCountry "POL"]
[SourceTitle "playchess.com"]
[Source "ChessBase"]
[SourceQuality "1"]

{[%evp 12,69,0,-6,20,5,27,15,66,62,106,104,147,144,193,193,192,185,185,187,180,169,181,179,233,217,223,217,504,500,484,461,424,210,217,220,206,193,200,167,185,187,182,166,168,177,310,253,452,448,393,354,333,312,29990,29991,29997,29998,29998,29999]} 1. e4 c6 2. d4 d5 3. e5 c5 4. dxc5 e6 5. a3 (5. Nf3 Bxc5 6. a3 Nd7 7. Bd3 f6 8. b4 Be7 9. Bb2 fxe5 10. Nxe5 Nxe5 11. Bxe5 Bf6 12. O-O Nh6 13. Bxf6 Qxf6 {1-0 (70) Jakovenko,D (2735)-Fedoseev,V (2706) Poikovsky 2018}) 5... Bxc5 6. b4 {B12: Caro-Kann: Advance Variation} Be7 7. Qg4 {LiveBook: 5 Games} g5 $146 ({Predecessor:} 7... g6 8. Bd3 a5 9. b5 Nd7 10. Nf3 h5 11. Qf4 Nh6 12. O-O Nc5 {½-½ (20) Colin,S (2437)-Ruefenacht,M (2510) ICCF email 2016}) 8. Bd3 {The position is equal.} Nc6 9. Bb2 Qc7 ({Black should play} 9... h5 $11 10. Qe2 g4) 10. Qe2 $14 Bd7 11. Nd2 h5 12. c4 $36 {[%mdl 2048] Black must now prevent cxd5. White is on the roll.} d4 13. Ngf3 g4 14. Nxd4 {Threatens to win with Nb5.} Nxd4 15. Bxd4 Bc6 16. Ne4 Bxe4 17. Bxe4 Nh6 (17... O-O-O {keeps fighting.}) 18. c5 O-O-O 19. O-O-O f5 $2 (19... Bg5+ 20. Kb1 Nf5) 20. exf6 $18 Rxd4 21. Rxd4 Bxf6 22. Rhd1 (22. Rd6 $142) 22... Bxd4 23. Rxd4 Nf7 24. Bc2 Nd8 25. Rd6 Rf8 26. Bb3 Qg7 27. Kb1 Qg6+ 28. Ka2 Rf6 (28... Qf5 {might work better.} 29. Qd2 Qe4) 29. Rd2 Qg5 $2 (29... a6 30. Bc4 e5 31. Qxe5 Nc6) 30. Qd3 {[%csl Gd2][%cal Rd3d8] [#]} Rf7 31. Qd6 Qe7 32. Qe5 Rf5 $2 {[#]} (32... Qe8 $18 33. Qxh5 Qf8 34. Qxg4 Rxf2 35. Bxe6+ Nxe6 36. Qxe6+ Kb8) 33. Rxd8+ $1 {[%mdl 512] White mates.} Kxd8 34. Qb8+ Kd7 35. Ba4+ {Precision: White = 84%, Black = 40%.} 1-0

[Event "2nd Irena Warakomska Memorial-A"]
[Site "Suwalki"]
[Date "2018.08.01"]
[Round "1"]
[White "Kokoszczynski, Jan"]
[Black "Caspi, Israel"]
[Result "0-1"]
[WhiteElo "2187"]
[BlackElo "2454"]
[Annotator "TA"]
[PlyCount "52"]
[EventDate "2018.08.01"]
[EventType "swiss"]
[EventCountry "POL"]
[SourceTitle "playchess.com"]
[Source "ChessBase"]
[SourceQuality "1"]

{[%evp 17,52,-6,-6,-22,-18,-12,-22,-20,-17,-14,-27,-73,-95,-98,-6,-16,-14,-231,-243,-244,-228,-243,-237,-240,-232,-275,-230,-325,-306,-400,-393,-598,-595,-912,-904,-892,-874]} 1. d4 f5 2. c4 Nf6 3. Nc3 d6 4. Bg5 Nbd7 5. Qc2 g6 6. e4 {A85: Dutch Defence: 2 c4 Nf6 3 Nc3} (6. h4 Bg7 7. O-O-O c6 8. Nh3 Nf8 9. e3 Qa5 10. Kb1 Ne6 11. Be2 Bd7 12. Bxf6 Bxf6 13. g4 {1-0 (30) Nakamura,H (2787)-Anton Guijarro,D (2639) Gibraltar 2016 CBM 171 [Meulders,R]}) 6... fxe4 7. Nxe4 Nxe4 8. Qxe4 Bg7 9. Nf3 c5 {LiveBook: 4 Games} 10. Be2 $146 ({Predecessor:} 10. O-O-O cxd4 11. Nxd4 Nc5 12. Qe3 h6 13. Bh4 {½-½ (27) Beinoras,M (2375)-Neiksans,A (2570) Vilnius 2014}) 10... cxd4 11. Nxd4 {[#] And now Ne6 would win.} Nc5 12. Qh4 Qa5+ 13. Bd2 Qb6 14. b4 Bf6 $36 {[%mdl 2048] Black is really pushing.} 15. Qf4 {[#]} ({Don't go for} 15. bxc5 $2 Qb2 $19) 15... Nd3+ ({Black should try} 15... O-O $1 $17 {Strongly threatening ...Nd3+!} 16. O-O Nd3 17. Bxd3 Bxd4) 16. Bxd3 $11 {Threatens to win with Bc3.} Bxd4 17. Rb1 $2 (17. O-O $1 $11 {and White is okay.}) 17... Rf8 $19 18. c5 Rxf4 19. cxb6 Rxf2 20. bxa7 Rxg2 21. Rc1 Bxa7 22. Rf1 (22. Be4 $142 Rf2 23. h3) 22... Rxh2 23. Bg5 Bd7 24. Rc7 (24. a4 $142) 24... Bb6 {Black is clearly winning.} 25. Rxb7 Raxa2 {( -> ...Ra1+)} 26. Bc1 Ra1 {Precision: White = 28%, Black = 75%.} 0-1

[Event "2nd Irena Warakomska Memorial-A"]
[Site "Suwalki"]
[Date "2018.08.01"]
[Round "1"]
[White "Lewtak, Dominik"]
[Black "Matviishen, Viktor"]
[Result "0-1"]
[WhiteElo "2164"]
[BlackElo "2423"]
[Annotator "TA"]
[PlyCount "88"]
[EventDate "2018.08.01"]
[EventType "swiss"]
[EventCountry "POL"]
[SourceTitle "playchess.com"]
[Source "ChessBase"]
[SourceQuality "1"]

{[%evp 24,88,36,12,15,14,40,33,57,0,0,0,25,18,20,24,10,-49,-67,-54,-53,-50,-56,-83,-87,-94,-91,-93,-86,-100,-96,-147,-81,-196,-201,-303,-329,-343,-331,-304,-320,-442,-449,-441,-444,-566,-551,-556,-554,-579,-584,-648,-615,-732,-713,-645,-599,-1550,-648,-1044,-939,-927,-892,-2086,-2075,-29985,-29986]} 1. c4 Nf6 2. Nc3 e6 3. Nf3 d5 4. d4 c6 5. e3 Nbd7 6. Bd3 Be7 7. O-O O-O 8. b3 b6 9. Bb2 Bb7 10. Qe2 c5 11. Rfd1 cxd4 {D46: Semi-Slav: 5 e3 Nbd7 6 Bd3, Black avoids the Meran} 12. exd4 Rc8 (12... Qc7 13. Ne5 dxc4 14. bxc4 Nxe5 15. dxe5 Qc6 16. Nd5 exd5 17. exf6 dxc4 18. Qg4 Bxf6 19. Bxf6 Qxf6 20. Bxc4 {½-½ (41) Fier,A (2581)-Matsuura,E (2480) Rio de Janeiro 2017}) 13. Rac1 {LiveBook: 6 Games} dxc4 {The position is equal.} 14. bxc4 Re8 15. Ne5 Nf8 16. h4 $146 (16. c5 $14) ({Predecessor:} 16. d5 exd5 17. Bf5 Rc5 18. Nb5 a6 19. Nd4 {0-1 (73) Purgimon Diaz,J (1982)-Ramon Solans,A (2281) Balaguer 2012}) 16... Ng6 $11 {Threatens to win with ...Nf4.} 17. g3 Qc7 18. Nb5 Qb8 19. h5 Nf8 $1 ({Much worse is} 19... Nxe5 20. dxe5 Nd7 21. Bc2 $16) 20. Ng4 ({White should play} 20. h6 $11) 20... Nxg4 $15 21. Qxg4 {[#] And now d5 would win.} f5 22. Qe2 a6 $36 {[%mdl 2048] Black fights for an advantage.} 23. Nc3 Bf6 24. Qe3 Ba8 25. Be2 Qb7 {[%csl Ga8][%cal Rb7h1]} 26. f3 Qf7 27. g4 ({White should try} 27. f4) 27... fxg4 (27... h6 $142 28. Rb1 fxg4 29. fxg4 Qb7) 28. fxg4 {[#]} (28. Ne4 $17 {only move.}) 28... Qb7 $1 $19 {[%csl Ga8][%cal Rb7g2]} 29. Qh3 (29. Qg3 $142) 29... Rcd8 30. d5 exd5 31. Bf3 {[%cal Rf3d5]} Qe7 32. cxd5 Qb4 33. Qg2 Re3 34. Na4 Qxa4 35. Bxf6 gxf6 {[%cal Bg7f6,Bf6f5][%mdl 32]} 36. g5 f5 37. g6 hxg6 38. hxg6 Qf4 39. Rf1 Qh6 40. Kf2 Re7 41. Rfd1 Rd6 42. Rc8 Bb7 43. Qg3 Rxg6 44. Rxf8+ Kxf8 {Precision: White = 29%, Black = 67%.} 0-1

[Event "2nd Irena Warakomska Memorial-A"]
[Site "Suwalki"]
[Date "2018.08.01"]
[Round "1"]
[White "Ocytko, Andrzej"]
[Black "Cukrowski, Filip"]
[Result "0-1"]
[WhiteElo "2155"]
[BlackElo "2404"]
[Annotator "NA"]
[PlyCount "64"]
[EventDate "2018.08.01"]
[EventType "swiss"]
[EventCountry "POL"]
[SourceTitle "playchess.com"]
[Source "ChessBase"]
[SourceQuality "1"]
[TimeControl "40/5400+30:1800+30"]

1. Nf3 {[%emt 0:00:00]} Nf6 {[%emt 0:01:50]} 2. g3 {[%emt 0:00:00]} g6 {[%emt 0:00:48]} 3. b3 {[%emt 0:00:37]} Bg7 {[%emt 0:00:08]} 4. Bb2 {[%emt 0:00:07]} O-O {[%emt 0:00:05]} 5. Bg2 {[%emt 0:00:19]} d5 {[%emt 0:01:07]} 6. c4 {[%emt 0:03:21]} c6 {[%emt 0:02:03]} 7. O-O {[%emt 0:01:15]} Bf5 8. d4 {[%emt 0:05:17]} Qc8 {[%emt 0:03:28]} 9. Nc3 {[%emt 0:11:32]} Bh3 {[%emt 0:06:16]} 10. cxd5 {[%emt 0:17:57]} Bxg2 {[%emt 0:03:25]} 11. Kxg2 {[%emt 0:00:16]} cxd5 {[%emt 0:00:05]} 12. Rc1 {[%emt 0:15:06]} Nc6 {[%emt 0:00:08]} 13. Ne5 {[%emt 0:03:45]} Qe6 {[%emt 0:00:20]} 14. Nxc6 {[%emt 0:03:33]} Qxc6 {[%emt 0:05:29]} 15. Na4 {[%emt 0:02:02]} Qd6 {[%emt 0:00:23]} 16. Nc5 {[%emt 0:03:50]} b6 {[%emt 0:04:09]} 17. Na6 {[%emt 0:04:25]} Rac8 {[%emt 0:02:48]} 18. Qd3 {[%emt 0:01:11]} Ne4 {[%emt 0:03:44]} 19. f3 {[%emt 0:08:27]} Ng5 {[%emt 0:01:39]} 20. f4 {[%emt 0:02:05]} Ne4 {[%emt 0:00:52]} 21. a4 {[%emt 0:03:07]} h5 {[%emt 0:02:29]} 22. b4 {[%emt 0:04:04]} Qe6 {[%emt 0:03:06]} 23. b5 {[%emt 0:00:39]} h4 {[%emt 0:13:38]} 24. Nb4 {[%emt 0:04:00]} Rc4 {[%emt 0:05:00]} 25. Rxc4 {[%emt 0:02:24]} dxc4 {[%emt 0:00:06]} 26. Qe3 {[%emt 0:00:39]} c3 {[%emt 0:01:31]} 27. d5 {[%emt 0:01:44]} Qf5 {[%emt 0:05:38]} 28. Ba3 {[%emt 0:00:47]} Nd2 {[%emt 0:01:14]} 29. Ra1 {[%emt 0:01:00]} c2 {[%emt 0:04:40]} 30. Rc1 {[%emt 0:00:34]} Nc4 {[%emt 0:02:42]} 31. Qf3 {[%emt 0:00:03]} h3+ {[%emt 0:00:31]} 32. Kf1 {[%emt 0:00:34]} Nd2+ {[%emt 0:00:06]} 0-1

[Event "2nd Irena Warakomska Memorial-A"]
[Site "Suwalki"]
[Date "2018.08.01"]
[Round "1"]
[White "Ulanowski, Karol"]
[Black "Tihonov, Jurij"]
[Result "1-0"]
[WhiteElo "2149"]
[BlackElo "2385"]
[Annotator "NA"]
[PlyCount "77"]
[EventDate "2018.08.01"]
[EventType "swiss"]
[EventCountry "POL"]
[SourceTitle "playchess.com"]
[Source "ChessBase"]
[SourceQuality "1"]
[TimeControl "40/5400+30:1800+30"]

1. e4 {[%emt 0:00:00]} c5 {[%emt 0:00:00]} 2. Nf3 {[%emt 0:00:00]} d6 {[%emt 0:00:02]} 3. d4 {[%emt 0:00:00]} cxd4 {[%emt 0:00:07]} 4. Nxd4 {[%emt 0:00:00]} Nf6 {[%emt 0:00:09]} 5. Nc3 {[%emt 0:00:00]} a6 {[%emt 0:00:08]} 6. Bg5 {[%emt 0:00:00]} Nbd7 {[%emt 0:00:19]} 7. Bc4 {[%emt 0:00:17]} e6 {[%emt 0:02:58]} 8. Qe2 {[%emt 0:01:14]} h6 {[%emt 0:00:46]} 9. Bh4 {[%emt 0:03:40]} g5 {[%emt 0:05:26]} 10. Bg3 Ne5 {[%emt 0:00:08]} 11. Bb3 {[%emt 0:04:56]} Qc7 {[%emt 0:00:52]} 12. h4 {[%emt 0:05:35]} Rg8 {[%emt 0:01:05]} 13. hxg5 {[%emt 0:11:07]} hxg5 {[%emt 0:00:09]} 14. O-O-O {[%emt 0:02:40]} Bd7 {[%emt 0:00:33]} 15. f3 {[%emt 0:03:20]} b5 {[%emt 0:06:02]} 16. a3 {[%emt 0:00:06]} Rb8 {[%emt 0:02:09]} 17. f4 {[%emt 0:09:43]} gxf4 {[%emt 0:02:36]} 18. Bxf4 {[%emt 0:00:06]} Nfg4 {[%emt 0:08:16]} 19. Nf3 {[%emt 0:15:41]} Qc5 {[%emt 0:06:13]} 20. Rh7 {[%emt 0:13:16]} a5 {[%emt 0:14:38]} 21. Nxe5 {[%emt 0:08:02]} dxe5 {[%emt 0:03:53]} 22. Qd2 {[%emt 0:01:39]} Qc7 {[%emt 0:11:55]} 23. Bg5 {[%emt 0:06:26]} a4 {[%emt 0:03:25]} 24. Nxb5 {[%emt 0:02:59]} Rxb5 {[%emt 0:27:04]} 25. Bxe6 {[%emt 0:01:07]} fxe6 {[%emt 0:00:09]} 26. Rxd7 {[%emt 0:00:09]} Qc6 {[%emt 0:00:50]} 27. Ra7 {[%emt 0:00:44]} Bd6 28. Bh4 {[%emt 0:06:43]} Rb6 {[%emt 0:02:48]} 29. Qd3 {[%emt 0:01:17]} Rf8 {[%emt 0:00:42]} 30. Qh3 {[%emt 0:01:30]} Qxe4 {[%emt 0:00:48]} 31. Bg5 {[%emt 0:00:44]} Rb7 {[%emt 0:00:34]} 32. Qh5+ {[%emt 0:01:28]} Rbf7 {[%emt 0:00:34]} 33. Rxd6 {[%emt 0:00:40]} Nf6 {[%emt 0:00:21]} 34. Rxe6+ {[%emt 0:00:38]} Kd8 {[%emt 0:00:07]} 35. Rd6+ {[%emt 0:01:00]} Ke8 {[%emt 0:00:32]} 36. Bxf6 {[%emt 0:00:19]} Qf4+ {[%emt 0:00:15]} 37. Kb1 {[%emt 0:00:10]} Qf1+ {[%emt 0:00:05]} 38. Rd1 {[%emt 0:00:30]} Qxf6 {[%emt 0:00:03]} 39. Ra5 {[%emt 0:00:14]} 1-0

[Event "2nd Irena Warakomska Memorial-A"]
[Site "Suwalki"]
[Date "2018.08.01"]
[Round "1"]
[White "Popiol, Michal"]
[Black "Omelja, Artem"]
[Result "0-1"]
[WhiteElo "2126"]
[BlackElo "2445"]
[Annotator "TA"]
[PlyCount "116"]
[EventDate "2018.08.01"]
[EventType "swiss"]
[EventCountry "POL"]
[SourceTitle "playchess.com"]
[Source "ChessBase"]
[SourceQuality "1"]

{[%evp 24,116,23,20,31,18,24,26,51,48,51,1,29,27,47,18,15,12,8,11,8,16,18,16,20,17,20,28,27,13,53,54,84,69,82,75,72,84,86,87,101,93,71,74,98,60,59,52,77,72,78,17,17,17,45,0,0,-76,-76,-121,-119,-127,-48,-56,-50,-50,-50,-4710,-2719,-29964,-29966,-29966,-29967,-29967,-29968,-29966,-29969,-29969,-29970,-29970,-29971,-29974,-29975,-29978,-29973,-29977,-29978,-29978,-29979,-29979,-29978,-29980,-29976,-29975,-29977]} 1. d4 e6 2. e4 d5 3. exd5 exd5 4. Nf3 Bd6 5. c4 dxc4 6. Bxc4 Nf6 7. O-O O-O 8. Nc3 Nc6 9. h3 h6 10. Re1 a6 11. Ne5 {D20: Queen's Gambit Accepted: 3 e3 and 3 e4} Bxe5 12. dxe5 Qxd1 13. Nxd1 {LiveBook: 4 Games. White has an edge.} Nd7 14. f4 Nb6 15. Bd3 {[#]} f5 $146 ({Predecessor:} 15... Be6 16. Nf2 Rad8 17. b3 Rfe8 18. Bb1 a5 {½-½ (29) Le,Q (2712)-Ghaem Maghami,E (2580) Tabriz 2014}) 16. exf6 Rxf6 17. Nf2 Nb4 18. Be4 N4d5 19. g3 Bf5 20. Bd2 Bxe4 21. Rxe4 Rc6 22. Rc1 Rxc1+ 23. Bxc1 a5 24. Kf1 c6 25. Nd3 Nd7 26. Bd2 b6 27. Re6 c5 28. Rd6 N7f6 29. Ne5 a4 {[%cal Ba5a4,Ba4a3][%mdl 32]} 30. Ke2 b5 31. Kf3 Ne7 32. g4 a3 33. b3 Nfd5 34. Ke4 Rc8 35. Ra6 c4 36. bxc4 bxc4 37. Rxa3 ({White should play} 37. Ng6 $1 $16) 37... c3 $11 38. Bc1 c2 39. Ra7 Nc3+ $1 40. Kd3 (40. Kf3 $11 {keeps the balance.}) 40... Ned5 $1 $17 {White must now prevent ...Nxa2!} 41. Kd2 Nxf4 42. Nd3 {[#]} g5 (42... Nb1+ $1 $17 43. Ke3 Nxh3) 43. Nxf4 $15 gxf4 {[%mdl 4096] Endgame KRB-KRN} 44. Ra5 $1 f3 45. Ke3 $2 {[%mdl 8192]} (45. Rf5 $15) 45... Rf8 $19 46. Rf5 {[#]} Rxf5 $1 {Black mates.} 47. gxf5 Nxa2 {KB-KN} 48. Bb2 c1=Q+ 49. Bxc1 Nxc1 50. Kxf3 {KN-KPP} Nd3 51. Kg4 Kg7 52. h4 Ne5+ 53. Kf4 Nd7 54. Ke4 Kf6 55. Kf4 Ne5 56. Ke4 Nf7 57. Kf4 Nd6 58. Kg4 Nxf5 {Precision: White = 48%, Black = 66%.} 0-1